000
00201 a2200097 4500
001
42590
100
_a
Brown
245
_a
Strategic mobility
260
_a
London
_b
Frederick
_c
090
_c
26494
_d
26494
942
_a
NUST-CAE
_c
M
_c
18329
999
_c
277663
_d
277663